Most streamed songs : Rihanna - Statistics

General Stats
  • This quiz has been taken 42 times
  • The average score is 6 of 10
Answer Stats
Streams Song % Correct
1 852 500 000 Diamonds
94%
1 641 500 000 Work (with Drake)
86%
2 108 500 000 Umbrella (with JAY-Z)
80%
2 357 000 000 We Found Love (with Calvin Harris)
69%
1 705 500 000 Only Girl (In The World)
63%
2 047 000 000 Love On The Brain
57%
2 089 500 000 Love The Way You Lie (with Eminem)
49%
1 834 000 000 Stay (with Mikky Ekko)
49%
2 179 000 000 This Is What You Came For (with Calvin Harris)
49%
1 844 500 000 Needed Me
43%
No matching quizzes found
Score Distribution
Percent of People with Each Score
Percentile by Number Answered
Your Score History
You have not taken this quiz